Risk problems of production credit associations. (Record no. 11445)

MARC details
000 -LEADER
fixed length control field 00728cam a22002291 4500
001 - CONTROL NUMBER
control field agr52000352
003 - CONTROL NUMBER IDENTIFIER
control field DLC
005 - DATE AND TIME OF LATEST TRANSACTION
control field 20260227111016.0
008 - FIXED-LENGTH DATA ELEMENTS--GENERAL INFORMATION
fixed length control field 801114s1952 dcuab f000 0 eng
010 ## - LIBRARY OF CONGRESS CONTROL NUMBER
LC control number agr52000352
035 ## - SYSTEM CONTROL NUMBER
System control number (OCoLC)6940503
040 ## - CATALOGING SOURCE
Original cataloging agency DLC
Transcribing agency NNU
Modifying agency DLC
042 ## - AUTHENTICATION CODE
Authentication code premarc
050 00 - LIBRARY OF CONGRESS CALL NUMBER
Classification number HG2041
Item number .U58 no. CR-5
110 1# - MAIN ENTRY--CORPORATE NAME
Corporate name or jurisdiction name as entry element United States.
Subordinate unit Farm Credit Administration.
245 00 - TITLE STATEMENT
Title Risk problems of production credit associations.
260 ## - PUBLICATION, DISTRIBUTION, ETC.
Place of publication, distribution, etc. Washington
Name of publisher, distributor, etc. [U.S. Govt. Print. Off.]
Date of publication, distribution, etc. 1952.
300 ## - PHYSICAL DESCRIPTION
Extent iv, 68 p.
Other physical details illus., maps.
Dimensions 24 cm.
490 1# - SERIES STATEMENT
Series statement Its Bulletin
Volume/sequential designation CR-5
650 #0 - SUBJECT ADDED ENTRY--TOPICAL TERM
Topical term or geographic name entry element Agricultural credit
Geographic subdivision United States.
810 1# - SERIES ADDED ENTRY--CORPORATE NAME
Corporate name or jurisdiction name as entry element United States.
Subordinate unit Farm Credit Administration.
Title of a work Bulletin
Volume/sequential designation CR-5.

No items available.

Powered by Koha